00306pab a2200121 454500008004000000100002200040245003600062260000900098300001300107362001100120650003800131773001500169180718b2012 xxu||||| |||| 00| 0 eng d aBhadrakumar, M.K. aSCO: Coping with changing times c2012 ap.27-32. a23 Jun aShanghai Cooperation Organisation aMainstream